Ponencias /

Gardado en:
Detalles Bibliográficos
Autor Principal: Grimson, Alejandro
Autores Corporativos: Instituto de Desarrollo Económico y Social, IDES CLACSO. Grupo de Trabajo Cultura y Poder
Formato: Texto
Materias:
Etiquetas: Engadir etiqueta
Sen Etiquetas, Sexa o primeiro en etiquetar este rexistro!

MARC

LEADER 00000 a a2200000 04500
001 29295
003
040
090 |a 191705  
100 |a Grimson, Alejandro  
110 |a Instituto de Desarrollo Económico y Social  
245 |a Ponencias /  |c Instituto de Desarrollo Económico y Social  
650 |a MIEDO  
650 |a VIOLENCIA  
650 |a COLOMBIA  
710 |a IDES   |a CLACSO. Grupo de Trabajo Cultura y Poder  
999 |c 7578  |d 7578